Women, politics, and change / (Record no. 5623)
[ view plain ]
| 000 -LEADER | |
|---|---|
| fixed length control field | 01150nac a22003011u 4500 |
| 008 - FIXED-LENGTH DATA ELEMENTS--GENERAL INFORMATION | |
| fixed length control field | 150817t en frb 001 0 eng d |
| 010 ## - LIBRARY OF CONGRESS CONTROL NUMBER | |
| LC control number | 2002283529 |
| 020 ## - INTERNATIONAL STANDARD BOOK NUMBER | |
| International Standard Book Number | 0198515413 |
| 035 ## - SYSTEM CONTROL NUMBER | |
| System control number | (OCoLC)ocm48532730 |
| 082 04 - DEWEY DECIMAL CLASSIFICATION NUMBER | |
| Classification number | 320.082 |
| Item number | WOM |
| Edition number | 22 |
| 245 00 - TITLE STATEMENT | |
| Title | Women, politics, and change / |
| Statement of responsibility, etc | edited by Karen Ross. |
| 260 ## - PUBLICATION, DISTRIBUTION, ETC. (IMPRINT) | |
| Place of publication, distribution, etc | Oxford ; |
| -- | New York : |
| Name of publisher, distributor, etc | Oxford University Press, |
| Date of publication, distribution, etc | c.2002. |
| 300 ## - PHYSICAL DESCRIPTION | |
| Extent | 212 p. ; |
| Dimensions | 24 cm. |
| 490 0# - Series Statement | |
| Series statement | Hansard Society series in politics and government |
| 500 ## - GENERAL NOTE | |
| General note | "In association with Hansard Society series in politics and government." |
| 500 ## - GENERAL NOTE | |
| General note | Index: p. 203-212. |
| 504 ## - BIBLIOGRAPHY, ETC. NOTE | |
| Bibliography, etc | Includes bibliographical references. |
| 511 ## - PARTICIPANT OR PERFORMER NOTE | |
| Participant or performer note | Catalogued By : Mahitab. |
| 590 ## - LOCAL NOTE (RLIN) | |
| Local note | Mohamed Hussein |
| 650 #0 - SUBJECT ADDED ENTRY--TOPICAL TERM | |
| Topical term or geographic name as entry element | Women in politics. |
| Source of heading or term | BUEsh |
| 9 (RLIN) | 3771 |
| 650 #0 - SUBJECT ADDED ENTRY--TOPICAL TERM | |
| Topical term or geographic name as entry element | Women politicians. |
| Source of heading or term | BUEsh |
| 651 ## - SUBJECT ADDED ENTRY--GEOGRAPHIC NAME | |
| Source of heading or term | BUEsh |
| 653 ## - INDEX TERM--UNCONTROLLED | |
| Resource For college | BAEPS, Political Science |
| Arrived date list | August2015 |
| 700 1# - ADDED ENTRY--PERSONAL NAME | |
| Personal name | Ross, Karen |
| Relator term | editor |
| 856 42 - ELECTRONIC LOCATION AND ACCESS | |
| Materials specified | Publisher description |
| Uniform Resource Identifier | <a href="http://www.loc.gov/catdir/enhancements/fy0614/2002283529-d.html">http://www.loc.gov/catdir/enhancements/fy0614/2002283529-d.html</a> |
| 856 42 - ELECTRONIC LOCATION AND ACCESS | |
| Materials specified | Table of contents only |
| Uniform Resource Identifier | <a href="http://www.loc.gov/catdir/enhancements/fy0614/2002283529-t.html">http://www.loc.gov/catdir/enhancements/fy0614/2002283529-t.html</a> |
| 942 ## - ADDED ENTRY ELEMENTS (KOHA) | |
| Item type | Book - Borrowing |
| Call number prefix | 305.420973 ROS |
| Source of classification or shelving scheme | Dewey Decimal Classification |
| Withdrawn status | Item status | Source of classification or shelving scheme | Damaged status | Not for loan | Home library | Current library | Shelving location | Date acquired | Source of acquisition | Total Checkouts | Total Renewals | Full call number | Barcode | Date last seen | Date last borrowed | Koha item type | Materials specified (bound volume or other part) |
|---|---|---|---|---|---|---|---|---|---|---|---|---|---|---|---|---|---|
| Dewey Decimal Classification | Central Library | Central Library | First floor | 31/10/2007 | Purchase | 15 | 30 | 320.082 WOM | 000007042 | 15/07/2025 | 12/04/2022 | Book - Borrowing | |||||
| Lost | Dewey Decimal Classification | Central Library | Central Library | First floor | 31/10/2007 | Purchase | 3 | 2 | 320.082 WOM | 000011350 | 16/07/2009 | 08/04/2009 | Book - Borrowing | Lost In Inventory_2005-2015/8/22 |